000 03831nam0a2200517 4500
001 RU\NLR\bibl\1035058
005 20260406151528.0
010 _a5-85944-203-3
_9100
021 _aRU
_b2006-78533
_93983
035 _a(NLR Aleph) 001022495
035 _a(nilc)RSL-KNO-002994661
090 _a707447
_c707447
100 _a20061208d2006 u y0rusy50 ca
101 0 _arus
102 _aRU
105 _aa zzzz|||||
106 _ar
200 1 _aЛингвоцветовые картины мира в поэзии Н. Заболоцкого и Р. Фроста (сопоставительное исследование)
_fТимофеева Альбина Михайловна
_gФедеральное агентство по образованию, Гос. образовательное учреждение высш. проф. образования "Тюменский гос. нефтегазовый ун-т", Фил. "Тобольский индустриальный ин-т"
210 _aТобольск
_cТГПИ
_d2006
_eТобольск
_gМинитипография Тобольского гос. пед. ин-та им. Д.И. Менделеева
215 _a202 с.
_cтабл.
_d20
300 _aНа 4-й с. обл. авт.: А.М. Тимофеева - к.филол.н., доц.
320 _aБиблиогр.: с. 194-201
600 1 _aЗаболоцкий
_bН.А.
_f1903 - 1958
_gНиколай Алексеевич
_xЯзык и стиль
_91081743
_3RU\NLR\auth\66422912
604 _1200#1$aФрост$bР.$gРоберт$f1874 - 1963
_12351#$aПоэзия
_aФрост, Роберт (1874 - 1963)
_tПоэзия
_3RU\NLR\AUTH\661449330
_92435560
606 1 _aРусский язык
_xСравнительная семантика
_xАнглийский язык
_91560970
_3RU\NLR\auth\66983185
606 1 _aАнглийский язык
_xСравнительная семантика
_xРусский язык
_9975443
_3RU\NLR\auth\6647678
606 1 _aКартина мира (лингв.)
_92410731
_3RU\NLR\auth\661436371
610 0 _aФилологические науки. Художественная литература -- Российская Федерация -- Русская литература -- с 1917 г. -- Персоналии писателей -- Заболоцкий Николай Алексеевич (1903-1958) - писатель -- Исследования произведений писателя по жанрам -- Поэтические произведения
610 0 _aФилологические науки. Художественная литература -- США -- Американская литература -- с 1945 г. -- Персоналии писателей -- Фрост Роберт (1874*-1963) - писатель -- Исследования произведений писателя по жанрам -- Потические произведения
686 _aШ5(2=Р)7-4ЗаболоцкийН.А.535,0
_2rubbk
686 _aШ5(7США)62-4Фрост Р.535,0
_2rubbk
686 _aШ5(2=Р)7-4Заболоцкий
686 _aШ5(7США)6-4Фрост535
686 _aШ143.21-32в
686 _aШ141.12-32в
686 _aШ100.4
700 1 _4070
_aТимофеева
_bА. М.
_cканд. филол. наук
_gАльбина Михайловна
_9148088
_3RU\NLR\AUTH\770148124
702 1 _4570
_8rus
_7ca
_aЗаболоцкий
_bН. А.
_f1903-1958
_gНиколай Алексеевич
_3RU\NLR\auth\775377
_9115341
702 1 _4570
_8rus
_7ca
_aФрост
_bР.
_f1874-1963
_gРоберт
_3RU\NLR\auth\7711402
_9121149
801 0 _aRU
_bРКП
_c20061208
_grcr
801 1 _aRU
_bРГБ
_c20061208
801 2 _aRU
_bNLR
_c20070123
_grcr
942 _cBOOK
980 _aNB